000 00509nam a2200181Ia 4500
005 20250610112146.0
008 008 250505s9999 xx 000 0 eng d
020 _a9789390644186
040 _beng
_cILCL
041 _aeng
_2eng
084 _aZ3,92 R4
100 _aDicey, A V
245 0 _aLaw & Public Opinion in England: During the nineteenth century
250 _a2
260 _aDelhi
_bLaw and Justice Publishing Company
_c1914
300 _axciv,506p.
942 _cTB
_2Colon Classification
999 _c1311875
_d1311875